[Event "8th HDBank Cup 2018"]
[Site "Hanoi"]
[Date "2018.03.10"]
[Round "2"]
[White "Vo, Thi Kim Phung"]
[Black "Gordievsky, Dmitry"]
[Result "0-1"]
[WhiteElo "2425"]
[BlackElo "2630"]
[Annotator "TA"]
[PlyCount "106"]
[EventDate "2018.??.??"]
[EventCountry "VIE"]
[SourceTitle "playchess.com"]
[Source "ChessBase"]
[SourceQuality "1"]

{[%evp 17,106,17,29,0,0,-26,-27,-31,-21,-86,-82,-138,-138,-126,-43,-34,-32,-25,-20,-66,-12,-15,-15,-9,-23,-17,-17,-35,-22,-112,-133,-385,-381,-363,-387,-384,-377,-610,-241,-241,-229,-237,-237,-233,-236,-224,-229,-280,-269,-272,-257,-266,-273,-256,-266,-275,-277,-274,-268,-266,-256,-264,-272,-329,-318,-306,-326,-339,-329,-397,-391,-379,-383,-322,-329,-327,-312,-402,-386,-423,-410,-713,-713,-713,-713,-691,-684,-1030,-1002,-915,-832]} 1. d4 Nf6 2. c4 b6 3. Nc3 Bb7 4. Qc2 d5 5. cxd5 Nxd5 6. e4 Nxc3 {A50: Queen's Fianchetto Defence (1 d4 Nf6 2 c4 b6)} 7. bxc3 e5 8. dxe5 (8. Nf3 Nd7 9. Bc4 Bd6 10. Ng5 O-O 11. O-O Be7 12. f4 Bxg5 13. fxg5 Qe7 14. Bd3 exd4 15. cxd4 {½-½ (38) Le,Q (2737)-Iturrizaga Bonelli,E (2650) chess.com INT 2018}) 8... Qe7 9. Nf3 Nd7 {LiveBook: 15 Games} 10. Bg5 f6 11. Bf4 fxe5 $146 ({Find the theoretical novelty and annotate with similar games:} 11... O-O-O 12. Bc4 g5 13. Bg3 Nxe5 14. Nxe5 fxe5 {0-1 (29) Thilakarathne,G (2213)-Shyam,N (2440) Ho Chi Minh City 2017}) 12. Bg5 Qe6 $1 13. Nd2 (13. Bb5 $11) 13... Bc5 $17 {Hoping for ...Qg4.} 14. Be2 ({White should try} 14. f3) 14... Qg6 $1 {[%cal Rg6g5]} 15. Bh4 O-O (15... Qxg2 $17 16. O-O-O Qh3) 16. O-O $15 Nf6 17. Bg3 Rad8 {[%cal Rf6e4]} ({Don't blunder} 17... Nxe4 $2 18. Bd3 $18) ({Much weaker is} 17... Bxe4 $6 18. Nxe4 Qxe4 19. Qb3+ Kh8 20. Bf3 $16) 18. Bf3 {[#]} Nh5 ({Better is} 18... Rxd2 $1 $15 {[%mdl 512]} 19. Qxd2 Nxe4) 19. Bxh5 $1 $11 Qxh5 20. Nc4 Rde8 $36 {[%mdl 2048] Black has the initiative.} 21. Rfe1 Qf7 22. Ne3 Qg6 23. Nc4 (23. f3 $11) 23... h5 $1 $17 {[%cal Bh7h5,Bh5h4][%mdl 32] Threatens to win with ...h4!} 24. Kh1 $2 {[%mdl 8192] [#]} (24. Nb2 $17) 24... h4 $1 $19 {[%mdl 512]} 25. Bxh4 Rf4 26. Bg3 Bxe4 27. Qe2 $2 {[#]} (27. Qa4 Bxf2 28. Rxe4 Rxe4 29. Bxf2) 27... Bxg2+ $2 (27... Bxf2 $1 {[%mdl 512]} 28. Nd2 (28. Bxf2 Qxg2#) 28... Bc6) 28. Kxg2 Rxf2+ $1 29. Qxf2 Bxf2 30. Nxe5 {[#]} Bxg3 $1 31. Nxg6 Bxe1 {[%mdl 4096] Endgame KRB-KRN} 32. c4 Bb4 33. Kf3 Bd6 34. h4 Kh7 35. Rg1 Bc5 36. Rg2 Re3+ 37. Kf4 Rc3 38. Kf5 Rxc4 39. Nf4 Rc1 40. h5 Rf1 41. Ke4 Bd6 42. Nh3 Rf6 43. Ng5+ Kh6 44. Nh3 Re6+ 45. Kf3 Re7 46. Rg5 Rf7+ 47. Kg4 Rf6 48. Kh4 Re6 49. Kg4 (49. Rg4 $142) 49... Re4+ {Black is clearly winning.} 50. Kf5 Re3 51. Rg6+ Kxh5 {aiming for ...Re5+.} 52. Rg5+ Kh4 53. Rxg7 Kxh3 {Precision: White = 30%, Black = 82%.} 0-1

[Event "8th HDBank Cup 2018"]
[Site "Hanoi"]
[Date "2018.03.10"]
[Round "2"]
[White "Tu, Hoang Thong"]
[Black "Aravindh, Chithambaram VR."]
[Result "0-1"]
[WhiteElo "2414"]
[BlackElo "2617"]
[Annotator "TA"]
[PlyCount "184"]
[EventDate "2018.??.??"]
[EventCountry "VIE"]
[SourceTitle "playchess.com"]
[Source "ChessBase"]
[SourceQuality "1"]

{[%evp 11,184,0,8,-25,-6,-8,1,-5,6,1,16,16,19,20,57,60,45,0,4,6,7,-18,-16,-11,-17,-16,-14,-50,-78,-90,-90,-90,-90,-90,-90,-90,-90,-94,-78,-113,-67,-67,-22,-16,-11,-17,-13,-108,-105,-105,-99,-100,-100,-98,-93,-98,-106,-106,-102,-191,-178,-189,-170,-214,-223,-232,-234,-233,-215,-189,-177,-180,-149,-163,-153,-158,0,-118,0,-127,-159,-153,-160,-125,-142,-114,-116,-102,-145,-109,-106,-114,-102,-117,0,-116,-46,-136,-121,-223,-213,-228,-7,-8,0,0,0,0,0,0,0,0,0,0,0,0,0,0,0,0,0,0,0,0,20,0,0,0,0,0,0,0,0,0,0,0,0,0,0,0,0,0,0,-8,-8,-8,-8,-8,0,-8,-8,-8,-8,-23,-21,-596,-596,-1459,-1219,-5369,-4797,-2156,-1911,-29977,-29978,-29978,-29979,-29980,-29981,-29983,-29984,-29984,-29985,-29985,-29985]} 1. d4 Nf6 2. Nf3 d5 3. Bf4 g6 4. Nc3 Bg7 5. Nb5 Na6 6. e3 {D00: 1 d4 d5: Unusual lines} c6 {[%cal Bc7c6,Bc6c5][%mdl 32] LiveBook: 17 Games} 7. Na3 (7. Nc3 O-O 8. Bxa6 bxa6 9. h3 Nd7 10. O-O Bb7 11. Na4 Rc8 12. b4 a5 13. Nc5 Nxc5 14. bxc5 {1-0 (50) Aronian,L (2797)-Vachier Lagrave,M (2793) Caleta 2018}) 7... Bg4 8. Be2 $146 {The position is equal.} ({Find the theoretical novelty and annotate with similar games:} 8. Bxa6 Qa5+ 9. Qd2 Qxa6 10. Ne5 Ne4 11. Qd3 Qa5+ 12. c3 Bf5 13. Qc2 Bxe5 14. dxe5 {½-½ (31) Kloster,D (1769)-Schemmann,B (1853) Germany 2017}) 8... Qb6 9. Rb1 O-O 10. O-O c5 11. h3 Bxf3 12. Bxf3 Nb4 13. c3 Nc6 14. b4 cxb4 15. cxb4 Rfc8 16. Qb3 e6 17. Rfc1 Bf8 {[%cal Rc6b4]} 18. Nc2 Ne8 19. Ne1 Qxb4 20. Qxb4 Nxb4 21. Rxc8 Rxc8 22. a3 Nc6 23. Rxb7 Bxa3 24. Nd3 Bd6 25. Ne5 Bxe5 26. Bxe5 a5 {[%cal Ba7a5,Ba5a4][%mdl 32]} 27. Bf4 $1 Ra8 {And now ...a4 would win.} 28. Rb6 Ne7 29. Rb3 (29. Bd1 $1 $11) 29... a4 30. Ra3 Nc8 $1 31. Bd1 Nb6 32. Kf1 Kf8 33. Ke2 Ke7 34. Kd3 Nd6 35. Ra2 (35. Bxd6+ $17 {was necessary.} Kxd6 36. Ra2) 35... Nb5 $1 $19 36. f3 a3 37. Bg3 Nc4 38. Be1 Nb2+ 39. Ke2 Kd7 40. Bb4 Rc8 {White must now prevent ...Nc3+.} 41. Bb3 Rb8 42. Kd2 Nd6 43. Kc3 Nb5+ 44. Kd2 $1 Nd6 45. Kc3 $1 Rc8+ 46. Bc5 Nb5+ $1 47. Kd2 {[#]} Rxc5 $1 {[%mdl 512]} 48. dxc5 $17 {[%mdl 4096] Endgame With the idea Ra1. KRB-KNN} Kc6 49. Ra1 Kxc5 50. Rc1+ Kb4 51. Ba2 Na4 52. Rb1+ Nb2 {aiming for ...Nc3.} 53. Rc1 $1 Nc4+ (53... h5 $17) 54. Kd3 (54. Bxc4 $1 $15 dxc4 55. Rb1+ Ka4 56. Ra1) 54... Nbd6 $1 55. e4 (55. Rc3 $17) 55... Nb2+ $19 56. Kc2 {[#]} dxe4 $2 (56... d4 $1 $19 {Hoping for ...Ndc4.} 57. Kd2 e5) 57. fxe4 $11 Nxe4 {Threatens to win with ...Nc3.} 58. Rf1 Nd6 59. Rf4+ Kc5 60. Rf3 Kb4 61. Rf4+ Kc5 (61... Nbc4 {NOTEXT} 62. Bxc4 g5 63. Rf3 Nxc4 64. Rxf7 Ne3+) 62. Rf3 Nbc4 63. Bxc4 Kxc4 64. Rxa3 {KR-KN} Kd4 65. Kd1 h5 66. Ke2 Ke5 67. Kf3 h4 68. Ra5+ Kf6 69. Kg4 Nf5 70. Kf4 g5+ 71. Kg4 Kg6 72. Re5 Nh6+ 73. Kf3 Ng8 74. g3 hxg3 75. Kxg3 Ne7 76. Re1 Nf5+ 77. Kg4 Nd4 78. Kg3 f5 {[%cal Bf7f5,Bf5f4,Bf4f3][%mdl 32]} 79. Ra1 Kh5 80. Ra6 e5 {[%cal Be6e5,Be5e4,Be4e3][%mdl 32]} 81. Ra5 e4 82. Kg2 Nf3 83. Kf2 $2 {[%mdl 8192] [#]} (83. Ra6 $11 {and White has nothing to worry.}) 83... f4 $1 $19 84. Ra6 Nd4 85. Ra4 e3+ 86. Kf1 Nf5 87. Kg2 Nh4+ {Black mates.} 88. Kf1 f3 89. Re4 Ng2 90. Rxe3 Nxe3+ 91. Kf2 Nd5 92. Kxf3 Kh4 {Precision: White = 51%, Black = 69%.} 0-1

[Event "8th HDBank Cup 2018"]
[Site "Hanoi"]
[Date "2018.03.10"]
[Round "2"]
[White "Bui, Vinh"]
[Black "Zhao, Jun"]
[Result "0-1"]
[WhiteElo "2400"]
[BlackElo "2599"]
[Annotator "TA"]
[PlyCount "110"]
[EventDate "2018.??.??"]
[EventCountry "VIE"]
[SourceTitle "playchess.com"]
[Source "ChessBase"]
[SourceQuality "1"]

{[%evp 16,110,-10,-14,-11,-14,2,-18,0,-12,-2,-20,0,0,9,0,21,10,16,-5,0,-55,-49,-66,-33,-32,-32,-116,-101,-139,-134,-145,-141,-150,-151,-137,-139,-145,-151,-138,-133,-137,-137,-132,-132,-132,-132,-132,-132,-194,-137,-183,-108,-136,-137,-136,-139,-138,0,0,0,-143,-143,-908,-814,-871,-826,-29971,-540,-560,-540,-538,-517,-770,-616,-6197,-5958,-5106,-2210,-5879,-1235,-1058,-1059,-1014,-1025,-901,-481,-385,0,-18,-25,-362,-87,-29987,-29988,-29988,-29989]} 1. d4 Nf6 2. Bg5 g6 3. Bxf6 exf6 4. e3 Bg7 5. Nf3 O-O 6. Be2 {A45: Trompowsky Attack} f5 7. O-O d6 8. c4 Nd7 {[%cal Bb8d7,Bd7f6,Bf6e4,Be4c3][%mdl 32]} 9. Nc3 {LiveBook: 4 Games} Re8 10. Qc2 b6 11. Rad1 Bb7 12. Nd2 $146 ({Predecessor:} 12. Ne1) 12... Nf6 (12... c6 {keeps more tension.} 13. Rfe1 Nf6 14. Rc1 Rc8 15. Qa4 a6) 13. Bf3 Bxf3 14. Nxf3 Qd7 15. b4 h5 16. a3 a6 17. c5 Ne4 18. Nd2 ({White should play} 18. Nxe4 $11 fxe4 19. Nd2) 18... Nxc3 $1 $15 19. Qxc3 dxc5 (19... f4 $5) 20. bxc5 f4 21. c6 (21. cxb6 $15 cxb6 22. Nf3) 21... Qd6 $17 22. Nf3 fxe3 23. fxe3 Qd5 24. Ne5 Re7 (24... Bxe5 25. dxe5 Qxe5 26. Qxe5 $11) 25. Rd2 Rae8 {[%cal Rg7e5]} 26. Rdf2 Bxe5 27. dxe5 Rxe5 28. Rxf7 Qxf7 29. Rxf7 Kxf7 {[%mdl 4096] Endgame KQ-KRR} 30. Qc4+ R8e6 31. Qxa6 Rxc6 32. Qc8 (32. Qd3 $17 {was worth a try.} Rce6 33. Kf2) 32... Re7 (32... Ke7 $19 33. Kf2 Rc2+ 34. Kf3 Rf5+ 35. Ke4 Rf8) 33. Qh8 Rce6 (33... Rxe3 $19 34. Qh7+ Kf6 35. Qh8+ Kf5 36. Qc8+ Ree6) 34. Kf2 Rxe3 35. Qh7+ Kf6 36. Qh8+ Kf7 (36... Kg5 $1 $17 {And now ...Re2+ would win.} 37. h3 Re2+ 38. Kg1 Re1+ 39. Kh2 R1e4) 37. Qh7+ $1 $11 Kf6 (37... Kf8 $11 38. Qxg6 Re2+ 39. Kf3 R2e5) 38. Qh8+ $1 $17 Kg5 $1 39. h4+ $2 {[%mdl 8192]} (39. h3 $17) 39... Kxh4 $19 40. Qf6+ g5 41. Qf5 Rxa3 (41... Re2+ $142 42. Kg1 R7e3 43. a4 Rg3 44. Qd5 Rgxg2+ 45. Kh1 Rg4 46. Qf3 Rge4 47. Qf6 Kg3 48. Qc3+ R2e3 49. Qxc7+ Re5 50. Qxb6 Re1+ 51. Qg1+ Rxg1+ 52. Kxg1 Re1#) 42. Kg1 Rg3 43. Qd5 {Hoping for Qd4+.} Rge3 44. Qf5 R7e4 45. Kh2 {White threatens g3+! and mate.} Rf4 46. Qd7 Rg3 47. Qe8 Rfg4 48. Kh1 c5 ({Worse is} 48... Rxg2 49. Qxh5+ Kg3 50. Qh3+ Kf4 51. Qe3+ Kf5 52. Qe6+ Kxe6 $11) 49. Qd8 b5 ({Inferior is} 49... Rxg2 50. Qxg5+ Kh3 51. Qh4+ Kxh4 $11) 50. Qd5 b4 {...c4 is the strong threat.} (50... Rxg2 51. Qxg5+ Kxg5 $11) 51. Qxc5 {[#]} b3 $2 ({Weaker is} 51... Rxg2 52. Qxg5+ Kxg5 $11) ({Black should try} 51... Re4 $1 $19 {Threatens to win with ...b3.} 52. Qf2 Kg4) 52. Qf2 Rf4 53. Qb2 $2 {[%mdl 8192]} (53. Qe2 $11 {and White is okay.} Rd4 54. Qf2) 53... Rc4 $2 (53... Re3 $19 {is more deadly. ( -> ...Kg3)} 54. Kh2 g4 55. Qd2 g3+ 56. Kg1 Rfe4 57. Kf1 {[#]} Re1+ $1 {[%mdl 512]} 58. Qxe1 Rxe1+ 59. Kxe1 b2 60. Kd2 b1=Q 61. Kc3 Qe4 62. Kb3 Qxg2 63. Kb4 Qe4+ 64. Kb3 g2 65. Kb2 g1=Q 66. Ka3 Qc1+ 67. Kb3 Qec4#) 54. Qe2 $2 {[%mdl 8192]} (54. Qf2 $17 Rcg4 55. Qe2) 54... Rc1+ 55. Kh2 {[#]} Rxg2+ $1 {[%mdl 512] Precision: White = 22%, Black = 46%.} 0-1

[Event "8th HDBank Cup 2018"]
[Site "Hanoi"]
[Date "2018.03.10"]
[Round "2"]
[White "Karavade, Eesha"]
[Black "Rozum, Ivan"]
[Result "1/2-1/2"]
[WhiteElo "2391"]
[BlackElo "2582"]
[Annotator "TA"]
[PlyCount "112"]
[EventDate "2018.??.??"]
[EventCountry "VIE"]
[SourceTitle "playchess.com"]
[Source "ChessBase"]
[SourceQuality "1"]

{[%evp 20,112,0,0,23,7,11,0,4,0,0,-7,0,-11,0,-8,0,0,0,0,0,0,0,-5,0,0,0,3,20,6,10,0,14,13,19,0,0,-11,-20,-13,-14,-34,0,-150,-142,-141,-129,-135,-14,-14,-14,-17,-16,-16,-16,-16,-17,-17,-16,-16,-16,-16,0,-16,-7,-25,0,0,0,0,43,0,0,0,0,0,0,0,0,0,0,0,0,0,0,0,0,0,0,0,0,0,0,0,0]} 1. d4 Nf6 2. c4 e6 3. Nf3 Bb4+ 4. Bd2 a5 5. g3 b6 6. Bg2 Bb7 7. O-O O-O 8. Nc3 d6 9. Qc2 Nbd7 10. a3 Bxc3 11. Bxc3 a4 {E16: Queen's Indian: 4 g3 Bb7 5 Bg2 Bb4+} 12. Rfe1 Be4 13. Qc1 $146 ({Predecessor:} 13. Qd1 Re8 14. Bf1 Bb7 15. Nd2 Ne4 16. Nxe4 Bxe4 17. f3 Bb7 18. e4 e5 19. Bd3 exd4 20. Bxd4 {½-½ (28) Tkachiev,V (2657)-Hracek,Z (2613) Evry 2008}) 13... Re8 14. Bh3 Bb7 15. Qc2 Ne4 16. Rad1 Ndf6 17. Bd2 Nxd2 18. Nxd2 e5 19. Nb1 exd4 20. Rxd4 Re4 21. Qd2 Qe8 22. Nc3 Rxd4 23. Qxd4 Bc6 24. e4 Ra5 25. f4 Rc5 26. e5 dxe5 27. Rxe5 Rxe5 28. Qxe5 Qd8 29. Qe3 h5 30. Bf5 g6 31. Bc2 (31. Bxg6 $11 Ng4 32. Qd3) 31... Ng4 $17 32. Qd3 Qe7 {[#] ( -> ...Qe1+)} 33. Ne2 Qe3+ ({Black should play} 33... h4 $17 {White must now prevent ...hxg3.} 34. Qd2 Ne3) 34. Qxe3 $11 Nxe3 {[%mdl 4096] Endgame KBN-KBN} 35. Nd4 Bd7 {And now ...c5 would win.} 36. Bd3 Nd1 37. b4 axb3 38. Nxb3 Nb2 39. Be2 Be6 40. Nd2 Kf8 41. Kf2 Ke7 42. Ke3 Na4 43. Ne4 Bf5 44. Bd1 Bd7 45. Bxa4 Bxa4 $14 {KB-KN. The position is equal.} 46. c5 Bc6 47. cxb6 cxb6 48. Nd2 Ke6 49. Nc4 b5 50. Ne5 Be8 51. Ke4 f6 52. Nd3 Bc6+ 53. Kd4 Kf5 54. Kc5 Be8 55. Nf2 g5 56. fxg5 fxg5 {Precision: White = 64%, Black = 55%.} 1/2-1/2

[Event "8th HDBank Cup 2018"]
[Site "Hanoi"]
[Date "2018.03.10"]
[Round "2"]
[White "Cao, Sang"]
[Black "Pichot, Alan"]
[Result "0-1"]
[WhiteElo "2381"]
[BlackElo "2558"]
[Annotator "TA"]
[PlyCount "72"]
[EventDate "2018.??.??"]
[EventCountry "VIE"]
[SourceTitle "playchess.com"]
[Source "ChessBase"]
[SourceQuality "1"]

{[%evp 17,72,-64,-69,-66,-17,-19,-17,-15,0,-10,-2,-3,0,14,8,-12,-10,0,0,0,0,-27,29,-76,-58,-64,-47,-382,-384,-373,-354,-685,-712,-708,-713,-718,-710,-709,-699,-675,-658,-717,-456,-456,-456,-456,-450,-465,-458,-456,-441,-29995,-29996,-29996,-29997,-29998,-29999]} 1. e4 c5 2. Nc3 e6 3. Nf3 a6 4. g3 b5 5. Bg2 Bb7 6. O-O {B40: Sicilian: 2...e6, Unusual lines} b4 7. Na4 Bxe4 8. d4 cxd4 9. Qxd4 Nf6 {LiveBook: 5 Games} 10. Bg5 Nc6 (10... Bxc2 $6 11. Ne5 $16) (10... d5 {seems wilder.} 11. c4 bxc3 12. Nxc3 Bxf3 13. Bxf3 Be7) 11. Qe3 $1 {And now Bxf6 would win.} d5 12. c4 bxc3 13. Nxc3 {Threatens to win with Bxf6.} Bxf3 $1 14. Bxf3 {[#] Black must now prevent Bxf6.} Be7 $146 15. Bxf6 gxf6 16. Rad1 {[%cal Rf3d5]} Ne5 $36 {[%mdl 2048] Black is pushing.} 17. Bxd5 $1 exd5 18. Nxd5 O-O 19. f4 Nc6 (19... Ng6 $142 $1) 20. Qc3 {[#]} (20. Rfe1 $11 {remains equal.} Qb8 21. Rc1 (21. Nxe7+ Nxe7 22. Qxe7 Qxb2 $14)) 20... Nb4 $1 $17 {[%cal Rb4d5][%mdl 512]} 21. Nc7 $1 ({Don't blunder} 21. Nxb4 $2 Qb6+ 22. Kg2 (22. Rd4 $2 Rfd8 $19) 22... Bxb4 $19) 21... Qb8 {...Qb6+ is the strong threat.} 22. Rfe1 $2 {[%mdl 8192]} (22. Nxa8 $15 Qxa8 23. Rd7) 22... Qb6+ $19 23. Kg2 {[#]} Rad8 $1 24. Kh3 $2 (24. Rxd8 Bxd8 25. a3) 24... Rxd1 25. Rxd1 Rd8 26. Re1 Nc6 27. Rc1 Nd4 28. Qe3 Rd7 29. Rc4 Rxc7 30. Rxc7 Qxc7 31. Qxd4 Qc8+ 32. Kg2 Qc2+ 33. Kh3 Qe2 {( -> ...Qf1+)} 34. Qc3 (34. Qd5 $19) 34... Qf1+ {Black mates.} 35. Kg4 {[#]} h5+ $1 36. Kf5 (36. Kxh5 Qh3#) 36... Qb1+ {Precision: White = 26%, Black = 77%.} 0-1

[Event "8th HDBank Cup 2018"]
[Site "Hanoi"]
[Date "2018.03.10"]
[Round "2"]
[White "Abhishek, Kelkar"]
[Black "Krysa, Leandro"]
[Result "1/2-1/2"]
[WhiteElo "2370"]
[BlackElo "2548"]
[Annotator "TA"]
[PlyCount "89"]
[EventDate "2018.??.??"]
[EventCountry "VIE"]
[SourceTitle "playchess.com"]
[Source "ChessBase"]
[SourceQuality "1"]

{[%evp 30,89,0,0,31,20,13,6,14,1,6,0,0,0,0,-22,-26,-21,-22,-50,-44,-163,-158,-163,-124,-156,-107,-143,-104,-113,-106,-148,-130,-131,-15,-15,-15,-15,-1,-5,0,0,0,0,0,-5,-2,0,0,0,0,0,0,-5,-5,-41,0,0,0,0,0,-72]} 1. d4 Nf6 2. c4 e6 3. Nf3 d5 4. Nc3 c5 5. cxd5 Nxd5 6. e4 Nxc3 7. bxc3 cxd4 8. cxd4 Bb4+ 9. Bd2 Bxd2+ 10. Qxd2 O-O 11. Bc4 Nd7 12. O-O {D41: Queen's Gambit Declined: Semi-Tarrasch with 5 cxd5} b6 13. d5 (13. Rfe1 Bb7 14. a4 Nf6 15. Bd3 h6 16. h3 Qe7 17. a5 bxa5 18. Rxa5 Rfc8 19. Qb2 Qc7 20. Qb4 Qc3 21. Qxc3 Rxc3 {½-½ (45) Nepomniachtchi,I (2729)-Kryvoruchko,Y (2689) Riadh 2017}) 13... Nc5 14. Rfe1 exd5 15. Bxd5 Bb7 16. Rad1 {LiveBook: 4 Games} Qf6 17. Nd4 $146 ({Predecessor:} 17. Qd4 Qxd4 18. Nxd4 Rfd8 19. Bxb7 Nxb7 {½-½ (29) Coenen,M (2393)-Admiraal,M (2448) Novi Sad 2016}) 17... Bxd5 18. exd5 Rfe8 19. Nc6 {[#] Strongly threatening d6.} Ne4 20. Qd4 Nc3 21. Qxf6 gxf6 {[%cal Bg7f6,Bf6f5][%mdl 32]} 22. d6 (22. Rxe8+ {seems wilder.} Rxe8 23. Ra1 Nxd5 24. Nxa7 Nc3 25. a3) 22... Nxd1 23. Rxd1 $11 {[%mdl 4096] Endgame Hoping for d7. KRR-KRN} Re6 24. f4 {next f5 is good for White.} f5 $1 25. Nxa7 {[#]} (25. a4 $15) 25... Rd8 $1 $19 26. Nb5 Re2 27. a3 Rc2 28. h3 Kf8 29. Kh2 Rc5 30. a4 Rc4 31. Rd5 Rxf4 ({Better is} 31... Rxa4 $17 32. Rxf5 Rc4) 32. Nd4 $11 Rd7 {aiming for ...Re4.} 33. Nc6 $1 Rxa4 {...Ra8 is the strong threat.} 34. Ne5 $1 {[%cal Re5d7]} Rd8 35. Nc6 Rd7 {White must now prevent ...Ra8.} 36. Ne5 $1 {[%cal Re5d7]} Raa7 37. Nxd7+ Rxd7 {KR-KR} 38. Kg3 Kg7 39. Kf4 Kf6 40. Rxf5+ Ke6 41. Rh5 f6 42. Rh6 b5 43. Rh5 {The position is equal.} Rb7 44. d7 Rxd7 45. Ke4 {Precision: White = 47%, Black = 61%.} (45. Rxb5 $11 {keeps the balance.} Rd4+ 46. Kf3) 1/2-1/2

[Event "8th HDBank Cup 2018"]
[Site "Hanoi"]
[Date "2018.03.10"]
[Round "2"]
[White "Tran, Minh Thang"]
[Black "Lei, Tingjie"]
[Result "1-0"]
[WhiteElo "2366"]
[BlackElo "2545"]
[Annotator "TA"]
[PlyCount "85"]
[EventDate "2018.??.??"]
[EventCountry "VIE"]
[SourceTitle "playchess.com"]
[Source "ChessBase"]
[SourceQuality "1"]

{[%evp 13,85,17,27,1,26,0,32,0,9,-14,0,-8,0,-9,32,0,0,-24,-11,-12,-21,-22,-22,-24,-36,-33,-21,-27,0,0,-24,-21,-16,-22,-26,-28,0,0,10,2,42,33,36,0,37,7,15,0,17,4,212,233,336,298,325,337,245,303,317,160,319,329,320,316,322,334,401,402,615,621,936,889,29989,29990]} 1. d4 Nf6 2. Bf4 g6 3. Nc3 Bg7 (3... d5 4. e3 Bg7 5. h4 h5 6. Nf3 Bg4 7. Be2 Bxf3 8. Bxf3 c6 9. Qd2 Nbd7 10. O-O-O b5 11. Kb1 {½-½ (34) Aronian,L (2797)-Vachier Lagrave,M (2793) Caleta 2018}) 4. e4 c5 5. dxc5 Qa5 6. Qd2 {A45: Trompowsky Attack} Qxc5 7. Nf3 d6 {LiveBook: 3 Games} 8. a3 $146 {White has an edge.} ({Predecessor:} 8. Be2 O-O 9. O-O b6 10. Ne1 Bb7 11. Nd3 {½-½ (77) Wagner,D (2583)-Lei,T (2495) Moscow 2016}) 8... Nbd7 9. h3 b6 10. Bd3 Bb7 11. O-O O-O 12. Rfe1 Rfd8 13. Rad1 Rac8 14. Qe2 Qc7 15. Ba6 Bxa6 16. Qxa6 Nc5 17. Qf1 Nh5 18. Nd5 Qb7 {White must now prevent ...e6.} 19. Bg5 Re8 20. g4 Nf6 21. Bxf6 $1 Bxf6 22. c3 Bg7 23. Qe2 Red8 24. Qe3 b5 25. g5 Na4 26. Rd2 Nc5 27. Qf4 Rf8 28. Qg4 f6 29. b4 Na4 $1 30. Re3 Kh8 31. h4 {Threatens to win with h5.} f5 $2 (31... Nxc3 $1 $11 {and Black stays safe.} 32. Nxc3 (32. Rxc3 $2 f5 $19) 32... f5 33. exf5 Rxc3) 32. exf5 $18 gxf5 (32... Qd7 {is a better defense.} 33. Qg3 (33. Nxe7 Rxc3 34. Qf4 Rxe3 $14) (33. Rxe7 Qxf5 34. Qxf5 Rxf5 $16) 33... Nxc3) 33. Qh5 e5 34. g6 {[%csl Gg6][%cal Rh5h7]} h6 {Black wants to play ...f4.} 35. Ng5 $1 f4 36. Rf3 (36. Red3 $18) 36... Qd7 $2 ({Not} 36... Nb6 $2 37. Nxb6 axb6 38. Rxd6) (36... Nb2 $16 {might work better.}) 37. Nf7+ Rxf7 38. gxf7 Rf8 39. Nf6 {[%cal Bd5f6,Bf6e4,Be4g5][%mdl 32]} Qe6 40. Ne4 d5 (40... Qxf7 $142 41. Qxf7 Rxf7 42. Nxd6 Rf8) 41. Ng5 $1 {[%cal Rg5e6]} Qc6 {[#] Black hopes to continue with ...Nb6.} 42. Rxd5 $1 {[%mdl 512] Strongly threatening Rfd3.} Qxd5 {[#]} 43. Qg6 $1 {Precision: White = 44%, Black = 44%.} 1-0

[Event "8th HDBank Cup 2018"]
[Site "Hanoi"]
[Date "2018.03.10"]
[Round "2"]
[White "Wang, Jue"]
[Black "Deepan Chakkravarthy J."]
[Result "0-1"]
[WhiteElo "2354"]
[BlackElo "2520"]
[Annotator "TA"]
[PlyCount "96"]
[EventDate "2018.??.??"]
[EventCountry "VIE"]
[SourceTitle "playchess.com"]
[Source "ChessBase"]
[SourceQuality "1"]

{[%evp 23,96,-12,-4,-77,-12,-27,-25,-21,0,0,0,-16,0,-37,0,-14,-33,-96,0,-29,-49,-45,-50,-54,-31,-68,-58,-100,-96,-91,-94,-60,-53,-100,-79,-418,-422,-326,-408,-402,-403,-504,-415,-476,-460,-443,-410,-477,-478,-882,-870,-854,-831,-664,-694,-646,-706,-696,-670,-1266,-1236,-1548,-1531,-1297,-1242,-1229,-1111,-1029,-1030,-961,-1871,-5702,-5401,-29977,-29978]} 1. e4 c6 2. d4 d5 3. Nd2 {[%cal Bb1d2,Bd2e4,Be4g5][%mdl 32]} dxe4 4. Nxe4 Nd7 5. Ng5 e6 6. Bd3 Ngf6 7. N1f3 Bd6 8. Qe2 h6 9. Ne4 Nxe4 10. Qxe4 Qc7 11. Bd2 c5 {B17: Caro-Kann: Modern Line (4...Nd7)} (11... b6 12. O-O-O Bb7 13. Qe2 O-O-O 14. Ba6 Rhe8 15. Rhe1 Bxa6 16. Qxa6+ Kb8 17. Qe2 e5 18. Kb1 e4 19. Nh4 Bf4 20. Bxf4 Qxf4 {0-1 (48) Ortiz Suarez,I (2609)-Vachier Lagrave,M (2719) Tromsoe 2013}) 12. Qe2 a6 {LiveBook: 4 Games} 13. d5 {[#]} (13. Bc3 $11 {keeps the balance.}) 13... e5 $146 ({Black should play} 13... Nf6 $1 $17) ({Predecessor:} 13... Nf6 14. c4 Bd7 15. O-O-O O-O-O 16. Bc3 exd5 17. Bxf6 gxf6 18. cxd5 c4 19. Bc2 {½-½ (46) Sofronie,I (2473)-Cosma,I (2472) Targoviste 2001}) 14. Nh4 Nf6 15. c4 O-O {...e4 is the strong threat.} 16. Bf5 b5 17. b3 bxc4 18. bxc4 e4 19. Bxc8 {[#] Black must now prevent Bh3.} Be5 20. Rb1 (20. Rd1 $1 $15 Qxc8 21. Rb1) 20... Raxc8 (20... Qxc8 $17 21. g3 Qh3) 21. Nf5 Rb8 22. Rb3 Rxb3 23. axb3 Rb8 24. Qd1 Qd7 ({Of course not} 24... Bxh2 $6 25. g3 $14) 25. g4 h5 26. h3 g6 27. Nh6+ Kg7 $1 28. Be3 Qb7 $36 {[%mdl 2048] Keeping White busy.} 29. g5 $2 {[%mdl 8192]} (29. O-O $17 {is a better chance.}) 29... Nd7 $19 30. O-O Qxb3 31. Qe2 Qb2 32. Qd1 {If only White now had time for Qa4....} Rb3 {aiming for ...Rxe3!} 33. Re1 Qc3 34. Qe2 Qd3 35. Qxd3 exd3 ({Not} 35... Rxd3 36. Rb1 $17) 36. f4 (36. Bd2 $142 Rb2 37. Be3) 36... Bc3 37. Rd1 a5 {[%cal Ba6a5,Ba5a4][%mdl 32]} 38. Rxd3 a4 {Threatens to win with ...a3.} 39. Kg2 Bb2 40. Rxb3 axb3 {[%mdl 4096] Endgame KBN-KBN} 41. Kf3 Bd4 42. Bc1 b2 43. Bxb2 Bxb2 44. Ke4 Bc1 45. d6 Nb6 46. h4 Bd2 47. f5 Be1 48. fxg6 fxg6 {Precision: White = 18%, Black = 79%.} 0-1